000 00761nam a2200217Ii 4500
003 JO-AjNU
008 230605s9999||||xx |||||||||||||| ||und||
017 _a2006/2/354
040 _aJO-AjNU
_bara
_erda
_cJO-AjNU
041 _aara
050 1 4 _aLB1051.K8264 2006
100 3 _aكبة، نجاح هادي,
_eauthor
_935575
245 0 0 _aمقاربات بين اللغة وعلم النفس
250 _aط1
264 3 1 _aعمان:مؤسسة الطريق،2006
300 _a189ص
336 _atext
_btxt
_2rdacontent
337 _aunmediated
_bn
_2rdamedia
338 _avolume
_bnc
_2rdacarrier
650 4 _aعلم النفس التربوي. اللغة العربية-تعلم و تعليم. الأدب العربي -- تعلم و تعليم.
_935576
999 _aA14701
_c18269
_d18269